[Event "Challenge"]
[Site "http://www.queenalice.com/game.php?id=591068"]
[Date "2009.5.20"]
[Round "-"]
[White "talisman77"]
[Black "Vascaisso"]
[Result "0-1"]
[WhiteElo "1773"]
[BlackElo "1884"]

1. d4 Nf6 2. c4 e6 3. Nc3 d5 4. e3 Be7 5. cxd5 exd5 6. Be2 O-O 7. Nf3 c6 8. O-O
Bg4 9. Ne5 Bxe2 10. Qxe2 Nbd7 11. Nxd7 Qxd7 12. Bd2 Rfe8 13. a3 Bd6 14. Qf3 Ne4
15. Nxe4 Rxe4 16. Rac1 Rae8 17. Rc3 R8e6 18. g3 Rh6 19. Qg2 Reh4 20. e4 Rxh2 21.
Qxh2 Rxh2 22. Kxh2 dxe4 23. Re1 f5 24. Be3 Qf7 25. Kg2 h6 26. Rh1 Qf6 27. Rh3 g5
28. f4 Kf7 29. fxg5 hxg5 30. Rh7+ Kg6 31. Rxb7 f4 32. gxf4 gxf4 33. Bc1 f3+ 34.
Kf2 Qh4+ 35. Kf1 Qh1+ 36. Kf2 Qg2+ 37. Ke1 Qe2# 0-1

[Event "Challenge"]
[Site "http://www.queenalice.com/game.php?id=591398"]
[Date "2009.5.20"]
[Round "-"]
[White "Vascaisso"]
[Black "montelo"]
[Result "1-0"]
[WhiteElo "1797"]
[BlackElo "1673"]

1. e4 e5 2. Nf3 Nc6 3. Bb5 Bd6 4. O-O Nf6 5. d4 Nxe4 6. Re1 f5 7. dxe5 Bxe5 8.
Bxc6 dxc6 9. Qxd8+ Kxd8 10. Nxe5 Ke7 11. f3 Ke6 12. Nc4 1-0

[Event "Challenge"]
[Site "http://www.queenalice.com/game.php?id=597811"]
[Date "2009.6.3"]
[Round "-"]
[White "KennyB"]
[Black "Vascaisso"]
[Result "1/2-1/2"]
[WhiteElo "1942"]
[BlackElo "1986"]

1. e4 e6 2. d4 d5 3. Nc3 dxe4 4. Nxe4 Nd7 5. Nf3 Ngf6 6. Bg5 Be7 7. Nxf6+ Bxf6
8. Bxf6 Nxf6 9. Bd3 O-O 10. O-O b6 11. c3 Bb7 12. Re1 Rc8 13. Bc2 Re8 14. Qd3 h6
15. Re2 c5 16. Rd1 Qc7 17. dxc5 Qxc5 18. Red2 Be4 19. Qe2 Bxc2 20. Rxc2 Rcd8 21.
Rxd8 Rxd8 22. Rd2 Rd5 23. Rxd5 Qxd5 24. c4 Qd6 25. b3 Nd7 26. Kf1 e5 27. Ke1 f6
28. Qd2 Qxd2+ 29. Kxd2 Kf7 30. Kd3 Ke6 31. Kc3 f5 32. a4 g5 33. b4 Kd6 34. a5
Nf6 35. axb6 axb6 36. Nd2 Kc6 37. Nf3 1/2-1/2

[Event "Challenge"]
[Site "http://www.queenalice.com/game.php?id=598081"]
[Date "2009.6.3"]
[Round "-"]
[White "Vascaisso"]
[Black "dutchgalego"]
[Result "1-0"]
[WhiteElo "1955"]
[BlackElo "1961"]

1. e4 e5 2. Nf3 Nc6 3. Bb5 a6 4. Bxc6 dxc6 5. h3 Nf6 6. O-O Bd6 7. d4 Nxe4 8.
Re1 Bf5 9. Nxe5 Bxe5 10. dxe5 Qxd1 11. Rxd1 O-O 12. Na3 Rfd8 13. Be3 b6 14. f3
Ng3 15. Kf2 Ne4+ 16. fxe4 Bxe4 17. c3 Rd5 18. Rxd5 cxd5 19. Rd1 h6 20. c4 Re8
21. Bf4 c6 22. cxd5 Bxd5 23. b3 Kf8 24. Nc2 a5 25. Ne3 Be6 26. Rd6 Rc8 27. Nc4
Bxc4 28. bxc4 b5 29. Ke3 b4 30. c5 a4 31. Kd3 Ke7 32. Kc4 b3 33. axb3 a3 34. Rd2
g5 35. Be3 Ke6 36. Bd4 Ra8 37. Ra2 Ra5 38. b4 Ra8 39. Kb3 Kd5 40. Bc3 Rf8 41.
Rxa3 h5 42. Ra2 g4 43. hxg4 hxg4 44. Rd2+ Ke4 45. Rf2 Kd5 46. Rf4 Ke6 47. Rxg4
Rh8 48. Rf4 Rg8 49. Rf6+ Kd5 50. Rxf7 Rxg2 51. Rd7+ Ke6 52. Rd6+ 1-0

[Event "Challenge"]
[Site "http://www.queenalice.com/game.php?id=606245"]
[Date "2009.6.20"]
[Round "-"]
[White "Menalque"]
[Black "Vascaisso"]
[Result "0-1"]
[WhiteElo "1934"]
[BlackElo "2070"]

1. d4 Nf6 2. c4 e6 3. g3 d5 4. Nc3 Be7 5. b3 O-O 6. cxd5 exd5 7. Bg2 Bf5 8. Nf3
c6 9. O-O Nbd7 10. Re1 Bb4 11. Bd2 Re8 12. a3 Ba5 13. b4 Bb6 14. Bg5 h6 15. Bf4
Bc7 16. Bxc7 Qxc7 17. Nd2 Rad8 18. Qc1 Qd6 19. Qb2 a6 20. e4 dxe4 21. Ncxe4 Nxe4
22. Nxe4 Bxe4 23. Bxe4 Nf6 24. Bg2 Qxd4 25. Qb3 Rxe1+ 26. Rxe1 Re8 27. Rxe8+
Nxe8 28. Bf1 Nd6 29. Qd3 Qxd3 30. Bxd3 Kf8 31. a4 Ke7 32. Kf1 Ke6 33. Ke2 Kd5
34. Ke3 b5 35. axb5 axb5 36. Kd2 c5 37. bxc5 Kxc5 38. Kc3 b4+ 39. Kb3 f5 40. f4
Ne4 41. Be2 Nd6 42. Bh5 Nc4 43. Bg6 Nd2+ 44. Kb2 Nc4+ 45. Kb3 Ne3 46. h3 Nf1 47.
g4 fxg4 48. hxg4 Ne3 49. g5 hxg5 50. fxg5 Ng4 51. Bf7 Ne5 52. g6 Nc6 53. Ka4 Nd4
54. Bg8 Nf3 55. Bf7 Nd4 56. Bg8 Nc6 57. Kb3 Na5+ 58. Ka4 Nb7 59. Kb3 Kb5 60.
Bc4+ Kc5 61. Bf7 Na5+ 62. Ka4 Nc4 63. Kb3 Ne5 64. Be8 Nd3 65. Bf7 Nf4 66. Be8
Ne2 67. Kc2 Nd4+ 68. Kd3 Nf5 69. Bf7 Ne7 70. Kc2 Nc8 71. Kb3 Ne7 72. Be8 Nc6 73.
Kc2 Ne5 74. Bf7 Kd6 75. Be8 Nd7 76. Kb3 Nf6 77. Bf7 Kc5 78. Be6 Ne4 79. Bf7 Nd2+
80. Kc2 Nf3 81. Kd3 Nd4 82. Ke4 b3 83. Ke5 Nf3+ 84. Ke4 Nd2+ 85. Kd3 b2 86. Ba2
b1=Q+ 87. Bxb1 Nxb1 88. Ke4 Kd6 89. Kf5 Nc3 90. Kf4 Ke6 91. Kg5 Nd5 92. Kg4 Kf6
93. Kh5 Ne7 94. Kg4 Kxg6 95. Kf4 Kh5 96. Kg3 Kg5 97. Kf3 Kh4 98. Kg2 Kg4 99. Kh2
Kf3 100. Kh3 g5 101. Kh2 g4 102. Kg1 g3 103. Kf1 g2+ 0-1

[Event "Challenge"]
[Site "http://www.queenalice.com/game.php?id=608361"]
[Date "2009.6.24"]
[Round "-"]
[White "Vascaisso"]
[Black "aris33"]
[Result "1-0"]
[WhiteElo "1979"]
[BlackElo "1907"]

1. e4 e5 2. Nf3 Nc6 3. Bb5 Qf6 4. d3 Bc5 5. c3 d6 6. d4 Bb6 7. d5 a6 8. Ba4 Ne7
9. dxc6 bxc6 10. Bg5 Qg6 11. Qe2 Bd7 12. Bxe7 Kxe7 13. Nbd2 Qxg2 14. Rg1 Qh3 15.
O-O-O g6 16. Nc4 Ba7 17. Ncxe5 dxe5 18. Nxe5 Rad8 19. Bxc6 Bc8 20. Bd5 Rd6 21.
Nc6+ Rxc6 22. Bxc6 Qxh2 23. Bd5 Be6 24. Bxe6 fxe6 25. Rgf1 Rf8 26. Qxa6 Bxf2 27.
Qd3 Qd6 28. Qe2 Qc5 29. Kc2 Qe3 30. Qxe3 Bxe3 31. Rxf8 Kxf8 32. Rd7 h5 33. Kd3
Bb6 34. Ke2 Kg8 35. Kf3 e5 36. b4 g5 37. a4 c5 38. a5 1-0

[Event "Challenge"]
[Site "http://www.queenalice.com/game.php?id=608362"]
[Date "2009.6.24"]
[Round "-"]
[White "sh_sla"]
[Black "Vascaisso"]
[Result "0-1"]
[WhiteElo "1946"]
[BlackElo "1919"]

1. e4 e6 2. e5 d5 3. d4 c5 4. c3 Nc6 5. Bb5 Qb6 6. a4 cxd4 7. cxd4 Bb4+ 8. Nc3
Ne7 9. Nf3 Bd7 10. O-O O-O 11. Ng5 h6 12. Nh3 Nf5 13. Be3 a6 14. Bd3 Bxc3 15.
bxc3 Nce7 16. g4 Nxe3 17. Qf3 Nxf1 18. Kxf1 f6 19. Qe2 Qc7 20. f4 fxe5 21. dxe5
Qxc3 22. Ra2 Nc6 23. Rc2 Qxe5 24. Qd1 Qe3 25. Kg2 Nb4 26. Bg6 Nxc2 27. Qxc2 d4
28. f5 Bc6+ 29. Kf1 d3 30. Qa2 Qxh3+ 31. Ke1 Qe3+ 32. Kd1 Bf3+ 0-1

[Event "Challenge"]
[Site "http://www.queenalice.com/game.php?id=616867"]
[Date "2009.7.11"]
[Round "-"]
[White "Vascaisso"]
[Black "uschmidi"]
[Result "1-0"]
[WhiteElo "2000"]
[BlackElo "2079"]

1. e4 e5 2. Nf3 Nc6 3. Bb5 d6 4. d4 Bd7 5. Nc3 Nxd4 6. Nxd4 Bxb5 7. Ndxb5 a6 8.
Na3 Nf6 9. Bg5 Be7 10. O-O h6 11. Bxf6 Bxf6 12. Nc4 O-O 13. Nd5 Bg5 14. Qe2 c6
15. Nde3 b5 16. Nd2 Qb6 17. Nf3 Bf4 18. Rfd1 Rad8 19. g3 Bxe3 20. Qxe3 Qc7 21.
Rd2 Rd7 22. Rad1 Rfd8 23. c3 f6 24. Nh4 d5 25. Nf5 Kh7 26. b4 a5 27. a3 axb4 28.
axb4 Qb7 29. h4 Ra8 30. Qc5 g6 31. Ne3 Rad8 32. exd5 cxd5 33. Rxd5 Rxd5 34. Rxd5
Rc8 35. Qxb5 Qxb5 36. Rxb5 Rxc3 37. Rb7+ Kg8 38. Ng4 1-0

[Event "Challenge"]
[Site "http://www.queenalice.com/game.php?id=618560"]
[Date "2009.7.14"]
[Round "-"]
[White "Vascaisso"]
[Black "babamas"]
[Result "1-0"]
[WhiteElo "2028"]
[BlackElo "1969"]

1. e4 e6 2. d4 d5 3. Nd2 c5 4. Ngf3 Nc6 5. exd5 exd5 6. Be2 cxd4 7. Nb3 Bb4+ 8.
Bd2 Bxd2+ 9. Qxd2 Nf6 10. Nbxd4 O-O 11. O-O Be6 12. Rad1 Qb6 13. c3 Ne4 14. Qc2
Rac8 15. h3 h6 16. Nxc6 bxc6 17. Bd3 f5 18. c4 Rf7 19. Rc1 Rb7 20. b3 a5 21.
cxd5 cxd5 22. Qb2 Rxc1 23. Qxc1 Rc7 24. Qb2 Nc5 25. Bb1 Na4 26. Qe5 Nc3 27. Bxf5
Bxf5 28. Qxf5 d4 29. Re1 g6 30. Re8+ Kh7 31. Qf8 Ne2+ 32. Kh2 1-0

[Event "Challenge"]
[Site "http://www.queenalice.com/game.php?id=618562"]
[Date "2009.7.14"]
[Round "-"]
[White "Bluto"]
[Black "Vascaisso"]
[Result "1-0"]
[WhiteElo "1987"]
[BlackElo "2107"]

1. e4 e6 2. d4 d5 3. Nc3 dxe4 4. Nxe4 Nd7 5. Nf3 Ngf6 6. Nxf6+ Nxf6 7. Bd3 Be7
8. O-O O-O 9. Re1 b6 10. Qe2 Bb7 11. c3 h6 12. Nh4 Nh7 13. Ng6 Re8 14. Nxe7+
Qxe7 15. Bf4 c5 16. Qg4 Kh8 17. dxc5 bxc5 18. Re3 Rad8 19. Rae1 g5 20. Bg3 Bc8
21. Qe4 f5 22. Qe5+ Kg8 23. Bxf5 Nf6 24. h3 Rd2 25. Bxe6+ Bxe6 26. Qxe6+ Qxe6
27. Rxe6 Kf7 28. Rxf6+ 1-0

[Event "Challenge"]
[Site "http://www.queenalice.com/game.php?id=622017"]
[Date "2009.7.20"]
[Round "-"]
[White "Vascaisso"]
[Black "deep"]
[Result "1-0"]
[WhiteElo "2051"]
[BlackElo "2006"]

1. e4 e5 2. Nf3 Nc6 3. Bb5 Nf6 4. O-O Nxe4 5. Re1 Nf6 6. Bxc6 dxc6 7. Nxe5 Be7
8. d4 O-O 9. h3 Re8 10. Bg5 Nd5 11. Bxe7 Nxe7 12. c3 f6 13. Nf3 Nd5 14. Na3 Bd7
15. Qd2 Rxe1+ 16. Rxe1 Qf8 17. Nc2 Re8 18. c4 Nb6 19. b3 Bf5 20. Ne3 Bg6 21. Nh4
Bh5 22. Nhf5 Bg6 23. g4 Nc8 24. d5 Bxf5 25. Nxf5 Rxe1+ 26. Qxe1 cxd5 27. Qe6+
Kh8 28. Qxd5 g6 29. Ne3 Nd6 30. Qd4 a6 31. Nd5 Qg7 32. Nxf6 g5 33. Qe5 b6 34. b4
Qg6 35. c5 bxc5 36. bxc5 Nb5 37. Ne8+ Kg8 38. Nxc7 Nxc7 39. Qxc7 Qb1+ 40. Kg2
Qxa2 41. Qd8+ Kf7 42. Qxg5 a5 43. Qf5+ Ke8 44. c6 1-0

[Event "Challenge"]
[Site "http://www.queenalice.com/game.php?id=622019"]
[Date "2009.7.20"]
[Round "-"]
[White "rmvwoods"]
[Black "Vascaisso"]
[Result "1/2-1/2"]
[WhiteElo "2014"]
[BlackElo "2086"]

1. e4 e6 2. d4 d5 3. Nc3 dxe4 4. Nxe4 Nd7 5. Nf3 Ngf6 6. Nxf6+ Nxf6 7. Bd3 Be7
8. Qe2 O-O 9. Bf4 b6 10. Be4 Nxe4 11. Qxe4 Rb8 12. O-O-O Bb7 13. Qd3 Rc8 14. Ne5
Bd6 15. Qg3 f6 16. Nd3 Qd7 17. h4 Kh8 18. f3 Qa4 19. a3 a5 20. Qf2 b5 21. Bxd6
cxd6 22. c3 Bd5 23. Kd2 e5 24. dxe5 dxe5 25. Ke2 Bc4 26. Rd2 Rcd8 27. Rhd1 Rxd3
28. Rxd3 Rd8 29. Ke3 Bxd3 30. Rxd3 Re8 31. g3 e4 32. Rd4 exf3+ 33. Kxf3 Qb3 34.
Qd2 Qe6 1/2-1/2

[Event "Challenge"]
[Site "http://www.queenalice.com/game.php?id=624805"]
[Date "2009.7.26"]
[Round "-"]
[White "GEORGESILVA"]
[Black "Vascaisso"]
[Result "1/2-1/2"]
[WhiteElo "2121"]
[BlackElo "2047"]

1. e4 e6 2. d4 d5 3. exd5 exd5 4. Be2 Nf6 5. Nf3 Bg4 6. O-O Be7 7. Be3 O-O 8.
Nbd2 Nbd7 9. c4 c6 10. Rc1 Rc8 11. Ne5 Bxe2 12. Qxe2 Re8 13. f4 Bd6 14. g4 Ne4
15. Nxe4 dxe4 16. c5 Bc7 17. g5 Nf8 18. Rf2 Qe7 19. Ng4 Ne6 20. h4 Rcd8 21. Rd1
h5 22. gxh6 Qxh4 23. f5 Ng5 24. Bxg5 Qxg5 25. Rg2 Rd5 26. Ne3 Qxh6 27. Nxd5 cxd5
28. Rf1 Bf4 29. Re1 Qf6 30. Qf2 Bh6 31. Rh2 e3 32. Qf3 Qxd4 33. f6 Re4 34. fxg7
Rf4 35. Qe2 Rg4+ 36. Rg2 Rxg2+ 37. Kxg2 Qxg7+ 38. Kh3 Qe5 39. Qg4+ Bg5 40. Qg3
Qf5+ 41. Qg4 Qe5 42. Qg3 Qf5+ 43. Qg4 1/2-1/2

[Event "Challenge"]
[Site "http://www.queenalice.com/game.php?id=628845"]
[Date "2009.8.2"]
[Round "-"]
[White "Vascaisso"]
[Black "Da_vinci7"]
[Result "1-0"]
[WhiteElo "2074"]
[BlackElo "2063"]

1. e4 e5 2. Nf3 Nc6 3. Bb5 a6 4. Bxc6 dxc6 5. h3 Nf6 6. O-O Bd6 7. d4 Qe7 8. Bg5
O-O 9. Nc3 Re8 10. Re1 exd4 11. Qxd4 Bc5 12. Qd2 Qe6 13. a3 h6 14. Be3 Be7 15.
Nd4 Qd7 16. f3 c5 17. Nf5 Bf8 18. Qf2 b6 19. Qh4 Qc6 20. Rad1 Bxf5 21. exf5 Re5
22. f4 Ree8 23. Qf2 Rad8 24. Bc1 1-0

[Event "Challenge"]
[Site "http://www.queenalice.com/game.php?id=629461"]
[Date "2009.8.2"]
[Round "-"]
[White "kronsteen"]
[Black "Vascaisso"]
[Result "1/2-1/2"]
[WhiteElo "2125"]
[BlackElo "2069"]

1. Nf3 Nf6 2. c4 c5 3. Nc3 Nc6 4. d4 cxd4 5. Nxd4 d6 6. e4 g6 7. Be2 Bg7 8. Be3
Bd7 9. O-O O-O 10. Qd2 Re8 11. f3 a6 12. Rfd1 Rc8 13. Rac1 Nh5 14. Nxc6 Bxc6 15.
b4 Nf6 16. b5 axb5 17. cxb5 Bd7 18. Na4 Rf8 19. Nb6 Rxc1 20. Rxc1 Be6 21. a4 Qb8
22. a5 Rd8 23. Bc4 Bxc4 24. Rxc4 Nd7 25. Nxd7 Rxd7 26. Qc2 Rd8 27. a6 bxa6 28.
bxa6 Be5 29. a7 Qb7 30. Rc7 Qb4 31. Qd2 Qxd2 32. Bxd2 Bd4+ 33. Kf1 Ra8 34. Bh6
Bxa7 35. Rxe7 Bc5 36. g3 Rd8 37. Rb7 Bd4 38. f4 Bg7 39. Bxg7 Kxg7 40. Kf2
1/2-1/2

[Event "Challenge"]
[Site "http://www.queenalice.com/game.php?id=630139"]
[Date "2009.8.3"]
[Round "-"]
[White "Vascaisso"]
[Black "KLEOJ"]
[Result "1-0"]
[WhiteElo "2083"]
[BlackElo "2069"]

1. e4 e6 2. d4 d5 3. exd5 exd5 4. Nf3 Bd6 5. Be2 Ne7 6. O-O O-O 7. Re1 Bg4 8.
Nbd2 Nd7 9. Nf1 Nf6 10. Bg5 Ng6 11. Ne3 Bxf3 12. Bxf3 c6 13. g3 h6 14. Bxf6 Qxf6
15. c3 Rfe8 16. Bg2 Qg5 17. Qc2 Re6 18. Nf5 Bc7 19. Re3 Rae8 20. Rae1 Rxe3 21.
Rxe3 Rxe3 22. Nxe3 Ne7 23. Qe2 g6 24. h4 Qf6 25. Ng4 Qd6 26. Nxh6+ Kg7 27. Ng4
Nf5 28. Qe8 Qe7 29. Qxe7 Nxe7 30. Ne3 Kf6 31. Bh3 b6 32. b4 Kg7 33. f4 f5 34.
Kf2 Ng8 35. Bf1 Nf6 36. Bd3 Kf7 37. Kf3 Bd6 38. a3 c5 39. h5 gxh5 40. Nxf5 Bf8
41. Ne3 Ke6 42. Bf5+ Kd6 43. Nd1 Kc6 44. Bd3 c4 45. Bc2 a5 46. Nf2 axb4 47. axb4
Kb5 48. Ke3 Bd6 49. Bd1 Bf8 50. Kd2 Bh6 51. Kc2 Kc6 52. Bf3 h4 53. gxh4 Bxf4 54.
Nh3 Bh6 55. Ng5 Kd7 56. Nf7 Bf4 57. Ne5+ Ke6 58. Nc6 Bd6 59. Na7 Kf5 60. Nc8 Bc7
61. Ne7+ Ke6 62. Nc6 Bd6 63. Kd2 Kf5 64. Ke2 Kf4 65. Na7 Ne4 66. Bxe4 Kxe4 67.
Nc8 Bc7 68. h5 Bd8 69. h6 b5 70. h7 Bf6 71. Nd6+ Kf4 72. Nxb5 Kf5 73. Nc7 Kg6
74. Nxd5 Bg7 75. b5 Kxh7 76. b6 Bf8 77. b7 Bd6 78. Nf6+ Kg6 79. Nd7 Kf7 80. b8=Q
Bxb8 81. Nxb8 Ke7 82. Nc6+ Kd6 83. Ne5 Kd5 84. Ke3 1-0

[Event "Challenge"]
[Site "http://www.queenalice.com/game.php?id=637919"]
[Date "2009.8.17"]
[Round "-"]
[White "Martino"]
[Black "Vascaisso"]
[Result "0-1"]
[WhiteElo "2085"]
[BlackElo "2090"]

1. e4 e6 2. d4 d5 3. Nc3 dxe4 4. Nxe4 Nd7 5. Bd3 Ngf6 6. Bg5 Be7 7. Nxf6+ Nxf6
8. c3 Bd7 9. Nf3 h6 10. Bf4 Bd6 11. Be5 Bc6 12. O-O O-O 13. Re1 Rc8 14. Qc2 Ng4
15. Rad1 Bxf3 16. gxf3 Nxe5 17. dxe5 Qg5+ 18. Kh1 Bxe5 19. Re4 Qh5 20. h4 Qxf3+
21. Kg1 Bf6 22. Be2 Qf5 23. Bg4 Qg6 24. h5 Qg5 25. Qe2 Rcd8 0-1

[Event "Challenge"]
[Site "http://www.queenalice.com/game.php?id=637920"]
[Date "2009.8.17"]
[Round "-"]
[White "trompmaster"]
[Black "Vascaisso"]
[Result "1/2-1/2"]
[WhiteElo "2120"]
[BlackElo "2071"]

1. d3 d5 2. Nf3 Nf6 3. Nbd2 g6 4. h3 Bg7 5. c3 O-O 6. Qc2 c5 7. g3 Nc6 8. Bg2 h6
9. O-O Be6 10. e4 dxe4 11. dxe4 Qc8 12. Kh2 Nd7 13. Ng1 f5 14. f4 Nf6 15. e5 Nd5
16. Ndf3 Qe8 17. Rd1 Rd8 18. Ne1 b6 19. Qe2 Nc7 20. Rxd8 Nxd8 21. Nc2 Bd5 22.
Bxd5+ Nxd5 23. a3 Qc6 24. c4 Nc7 25. Qf3 Qxf3 26. Nxf3 Nc6 27. Bd2 Rd8 28. Bc3
Ne6 29. Kg2 Kf7 30. Ne3 Nc7 31. Rd1 Rxd1 32. Nxd1 a6 33. Ne3 b5 34. Nd5 Ne6 35.
cxb5 axb5 36. Kf2 g5 37. Ke3 Nb8 38. Kd3 Na6 39. Ke3 Nb8 1/2-1/2

[Event "Challenge"]
[Site "http://www.queenalice.com/game.php?id=656712"]
[Date "2009.9.23"]
[Round "-"]
[White "zicze"]
[Black "Vascaisso"]
[Result "1-0"]
[WhiteElo "2150"]
[BlackElo "2083"]

1. e4 e6 2. Qe2 b6 3. f4 Bb7 4. Nf3 d5 5. e5 Nd7 6. c3 c5 7. d3 Ne7 8. g3 Nc6 9.
Bg2 Be7 10. O-O O-O 11. Na3 a6 12. Nc2 Rc8 13. Be3 b5 14. d4 cxd4 15. Ncxd4 Nxd4
16. Nxd4 Bc5 17. g4 Qe7 18. a3 f6 19. Nb3 Bxe3+ 20. Qxe3 fxe5 21. fxe5 Nc5 22.
Rxf8+ Kxf8 23. Nd4 Kg8 24. Rf1 Rf8 25. Rxf8+ Kxf8 26. Bf3 h6 27. Kg2 Nd7 28. Bd1
Kg8 29. Kg3 Qf7 30. Bc2 Nf8 31. h4 Qf1 32. h5 Qa1 33. Qf2 Qc1 34. Bg6 1-0

[Event "Challenge"]
[Site "http://www.queenalice.com/game.php?id=658663"]
[Date "2009.9.27"]
[Round "-"]
[White "Vascaisso"]
[Black "zicze"]
[Result "0-1"]
[WhiteElo "2081"]
[BlackElo "2174"]

1. e4 e6 2. d4 d5 3. Nd2 Nf6 4. e5 Nfd7 5. Bd3 c5 6. c3 Nc6 7. Ne2 cxd4 8. cxd4
f6 9. exf6 Nxf6 10. O-O Bd6 11. Nf3 Qc7 12. Bd2 O-O 13. Rc1 Bd7 14. a3 Qb6 15.
Bc3 Qd8 16. Ng3 g6 17. Ne5 Qb6 18. Ng4 Nxg4 19. Qxg4 Rf7 20. Qd1 Bf4 21. Rb1 Bh6
22. Be2 Bg7 23. Bg4 Bxd4 24. Bxd4 Qxd4 25. Qe2 Ne5 26. Bh3 Re8 27. Rbd1 Qf4 28.
Rfe1 Nc4 29. Rd3 Qf6 30. Rc3 Qd4 31. Rd1 Qb6 32. b4 Ref8 33. Rf1 Rf6 34. Rxc4
dxc4 35. Ne4 R6f7 36. Nc5 Re8 37. Re1 c3 38. Qc4 Qc6 39. Qb3 c2 40. Rc1 b6 41.
Nd3 Rc8 42. Ne5 Qd6 43. Nxd7 Qd2 0-1

[Event "Challenge"]
[Site "http://www.queenalice.com/game.php?id=675857"]
[Date "2009.11.1"]
[Round "-"]
[White "Vascaisso"]
[Black "josekasparov"]
[Result "0-1"]
[WhiteElo "2034"]
[BlackElo "2256"]

1. e4 e5 2. Nf3 Nc6 3. Bb5 a6 4. Bxc6 dxc6 5. h3 Bc5 6. O-O Qe7 7. c3 Bd7 8. d4
exd4 9. cxd4 Bb6 10. Re1 O-O-O 11. Nc3 Nf6 12. Bg5 h6 13. Bh4 g5 14. Bg3 Nh5 15.
Bh2 g4 16. Ne5 Rhg8 17. hxg4 Nf6 18. Na4 Ba7 19. Rc1 Bxg4 0-1

[Event "Challenge"]
[Site "http://www.queenalice.com/game.php?id=675858"]
[Date "2009.11.1"]
[Round "-"]
[White "Vascaisso"]
[Black "Buuuu"]
[Result "0-1"]
[WhiteElo "2055"]
[BlackElo "2125"]

1. e4 c6 2. d4 d5 3. exd5 cxd5 4. Nf3 Nc6 5. Bb5 Bg4 6. Be3 e6 7. O-O Bd6 8.
Nbd2 Ne7 9. c3 Qc7 10. Be2 Nf5 11. Rc1 h5 12. Re1 Nxe3 13. fxe3 f5 0-1

[Event "Challenge"]
[Site "http://www.queenalice.com/game.php?id=675860"]
[Date "2009.11.1"]
[Round "-"]
[White "Buuuu"]
[Black "Vascaisso"]
[Result "1-0"]
[WhiteElo "2114"]
[BlackElo "2069"]

1. e4 e6 2. d4 d5 3. Nc3 dxe4 4. Nxe4 Nf6 5. Nxf6+ Qxf6 6. Nf3 h6 7. Bd3 Bd6 8.
Qe2 Nc6 9. c3 Bd7 10. Bd2 Bf4 11. O-O-O O-O-O 12. Be4 Rhe8 13. Rhe1 1-0

[Event "Challenge"]
[Site "http://www.queenalice.com/game.php?id=675861"]
[Date "2009.11.1"]
[Round "-"]
[White "josekasparov"]
[Black "Vascaisso"]
[Result "1-0"]
[WhiteElo "2250"]
[BlackElo "2042"]

1. d4 Nf6 2. c4 d5 3. cxd5 Nxd5 4. e4 Nb6 5. Nf3 g6 6. Be2 Bg7 7. Nc3 O-O 8. O-O
Bg4 9. Be3 Nc6 10. d5 Ne5 11. Nxe5 Bxe2 12. Qxe2 Bxe5 13. f4 Bg7 14. Rad1 Qd7
15. Rd2 Bxc3 16. bxc3 Qa4 17. Bc5 Rfe8 18. Rd4 Qd7 19. f5 Rad8 20. e5 1-0